Wuthering heights

Novela que narra las historias de amor, venganza y finalmente muerte que giran entorno de las familias Linton y Earnshaw. Está narrada por dos personajes testigos que relatan el pasado y presente de los sucesos, en ellos se presenta la historia de Heathcliff quien busca vengarse de ser despreciado...

Полное описание

Сохранить в:
Библиографические подробности
Главный автор: Brontë, Emily
Формат:
Язык:Undetermined
Опубликовано: New York, Estados Unidos Signet Classic 1959
Предметы:
Метки: Добавить метку
Нет меток, Требуется 1-ая метка записи!

MARC

LEADER 00000nam a2200000Ia 4500
008 170316s9999 xx 000 0 und d
040 |a cru BVZT 
090 |a 820 B-22w 
100 |a Brontë, Emily  |9 11 
245 |a Wuthering heights 
260 |a New York, Estados Unidos 
260 |b Signet Classic 
260 |c 1959 
300 |a 320 páginas 
520 |a Novela que narra las historias de amor, venganza y finalmente muerte que giran entorno de las familias Linton y Earnshaw. Está narrada por dos personajes testigos que relatan el pasado y presente de los sucesos, en ellos se presenta la historia de Heathcliff quien busca vengarse de ser despreciado por las personas de su alrededor, incluida su primer amor Catherine. Se encuentra en inglés. 
650 |a LITERATURA INGLESA  |9 12 
650 |a EN IDIOMA INGLÉS  |9 129 
650 |a NOVELA  |9 13 
999 |c 6735  |d 6735 
942 |c 15 D  |h 820 B-22w  |2 z